000 00731nam a2200241Ia 4500
005 20260629163254.0
008 260629s9999||||xx |||||||||||||| ||und||
020 _a9788184002058
_qhb
082 _a658.4063
_bRAD
100 _aRadjou, Navi
245 0 _aJugaad innovation : think frugal, be flexible, generate breakthrough growth
250 _a1st ed. 2012 ; 5th imp. 2013
260 _aNoida
_bRandom House India
_c2012
300 _axvii, 317p. ; 22cm.
653 _aCreative ability in business
653 _aEntrepreneurship
653 _aIndustrial management
653 _aSuccess in business
653 _aTechnological innovations
700 _aAhuja, Simone
700 _aPrabhu, Jaideep
942 _cBK
999 _c57320
_d57320